| 000 | 01132ngm a22003730a 4500 | ||
|---|---|---|---|
| 001 | PT32097 | ||
| 003 | AR-LpoUNG | ||
| 005 | 20210202000428.0 | ||
| 007 | vd cvaizq | ||
| 008 | 191001s2003||||ag |||||||||||||||||spa d | ||
| 020 |
_a9874337680 _c$10 |
||
| 040 |
_aAR-LpoUNG _bspa _cAR-LpoUNG _eaacr |
||
| 041 | _aspa | ||
| 044 | _aag | ||
| 082 | 0 | _a982 623v8 | |
| 100 | 1 |
_aPigna, Felipe _edir. |
|
| 245 | 1 | 0 |
_aHistoria Argentina : _b1955 - 1973 |
| 260 |
_aBuenos Aires : _bDiana, _c2003. |
||
| 300 | _aDVD (58 min.) : son., col. | ||
| 505 | 0 | _aHecho en: 2003 | |
| 520 | _a<p>Esta colección de 13 dvd de Historia Argentina relata desde 1776 hasta el 2001, realizada por el Profesor Felipe Pigna con el apoyo de la Universidad de Buenos Aires y el Colegio Carlos Pellegrini.</p> | ||
| 650 | 4 | _aANALISIS HISTORICO | |
| 650 | 4 | _aASPECTOS POLITICOS | |
| 650 | 4 | _aHISTORIA | |
| 650 | 4 | _aMOVIMIENTOS DE LIBERACION NACIONAL | |
| 650 | 4 | _aPROBLEMAS SOCIALES | |
| 651 | 4 | _aArgentina | |
| 653 | _aDOCUMENTALES | ||
| 653 | _aDVD | ||
| 653 | _aVIDEOS | ||
| 653 | _aVIDEOS DIDACTICOS | ||
| 905 | _a32097 | ||
| 942 | _cDVD | ||
| 999 |
_c54830 _d54830 |
||